| 000 | 00848nam a2200265Ia 4500 | ||
|---|---|---|---|
| 003 | GCL | ||
| 008 | 140319s9999 xx 000 0 ara d | ||
| 020 | _a9548232977 | ||
| 040 |
_aGCL / _cGCL |
||
| 082 | 0 | 4 |
_a371.399 _bز م |
| 100 | 1 | _aزينب محمد عبدالمنعم | |
| 245 | 1 | 0 |
_aمسرح ودراما الطفل / _cزينب محمد عبدالمنعم |
| 250 | _aالاولى | ||
| 260 |
_aالقاهرة : _bعالم الكتب ، _c2007 |
||
| 300 |
_a448 ص ؛ _c24 سم |
||
| 650 | 0 | 4 | _aرياض الاطفال |
| 650 | 0 | 4 | _aادب الاطفال |
| 650 | 0 | 4 | _aمسرح العرائس |
| 650 | 0 | 4 | _aالاطفال - علم نفس |
| 650 | 0 | 4 | _aالاطفال - تربية |
| 650 | 0 | 4 | _aمسرح الاطفال |
| 650 | 0 | 4 | _aالتعليم التعاونى |
| 650 | 0 | 4 | _aالمسرح التعليمى |
| 942 |
_2ddc _cBK |
||
| 999 |
_c9735 _d9735 |
||